000 02593nam a22001577a 4500
041 _aukr
080 _a09
090 _bМЕЛ
100 _aМельничук І. В.
245 _aВираження почуттів засобами англійської фразеології (страху, впевненості та хвилювання)
260 _aОстрог
_bКАФ
_c2007
300 _a69
520 _aВступ Розділ 1 Фразеологія як предмет дослідження академіка В.В.Виноградова та проблеми класифікації англійських ФО 1.2 Засоби передачі емоцій та психологічного стану людини 1.2.1 Вираження співчуття як позитивної емоції 1.2.2 Вираження злорадства як негативної емоції 1.3 Етимологія Фразеологізмів 1.3.1 Фразеологізми англійського походження 1.3.2 Фразеологічні запозичення Розділ 2 2.1 Англійські фразеологізми на позначення страху 2.1.1 Група фразеологізмів з компонентом scare 2.1.2 Група фразеологізмів з компонентом frighten 2.1.3 Група фразеологізмів з компонентом fear 2.1.4 Група фразеологізмів з іншими способами вираження почуття страху 2.2 Англійські фразеологізми на позначення впевненості 2.2.1 Група фразеологізмів на познчення хоробрості 2.2.2 Група фразеологізмів на познчення самовпевненості 2.2.3 Група фразеологізмів на познчення безперечності 2.3 Англійські фразеологізми на позначення почуття хвилювання 2.3.1 Група фразеологізмів на позначення хвилювання через зовнішність людини 2.3.2 Група фразеологізмів на позначення хвилювання через поведінку людини 2.3.3 Вираження хвилювання іншими способами Висновки
_0фразеологія, фразеологізми на позначення страху
650 _aResearch Papers
999 _c283992
_d283992
942 _cBK